Quiz o Wyspach Świętego Tomasza i Książęcej - Statystyki

Ogólne statystyki
  • Ten quiz został rozwiązany 702 razy
  • Średni wynik to 8 z 13
Statystyki odpowiedzi
Wskazóka Odpowiedź % Poprawnych
Święty, od którego pochodzi nazwa państwa Święty Tomasz
98%
Język oficjalny portugalski
88%
Populacja Wysp Świętego Tomasza i Książęca w 1400 roku 0
83%
Państwo kontynentalne położone na wschód od głównej wyspy Gabon
81%
Zatoka, na której leży to państwo Zatoka {Gwinejska}
79%
Stolica São Tomé
77%
Praktyka, która została prawnie zniesiona w 1876 roku, ale trwała jeszcze później przez dziesięciolecia Niewolnictwo
73%
Druga największa wyspa Wyspa {Książęca}
67%
Jedyne państwo mniejsze od Wysp Świętego Tomasza i Książęcapod względem powierzchni w Afryce Seszele
61%
Ziarno, które stanowi około połowy eksportu państwa Kakao
58%
Krytycznie zagrożony ptak brodzący, najmniejszy tego typu na świecie (zaczyna się na I) Ibis brązowawy
33%
Waluta Dobra
29%
Określenie osób o mieszanym pochodzeniu europejskim i afrykańskim, które stanowią większość populacji (zaczyna się od M) Mestiço
20%
Nie znaleziono quizów pasujących do podanych kryteriów
Rozkład punktacji
Procent ludzi z każdym wynikiem
Percentyl według liczby udzielonych odpowiedzi
Twoja historia wyników
Nie rozwiązałeś tego quizu